Los amiguetes del pequeño Nicolás (Registro nro. 12051)
[ vista simple ]
| 000 - LÍDER | |
|---|---|
| campo de control de longitud fija | 01037nam a2200289 a 4500 |
| 003 - IDENTIFICADOR DE NÚMERO DE CONTROL | |
| campo de control | OSt |
| 005 - FECHA Y HORA DE LA ÚLTIMA TRANSACCIÓN | |
| campo de control | 20210818181717.0 |
| 008 - ELEMENTOS DE DATOS DE LONGITUD FIJA - INFORMACIÓN GENERAL | |
| campo de control de longitud fija | 870520r19921993ck a jr 0011jdspa d |
| 020 ## - INTERNATIONAL STANDARD BOOK NUMBER | |
| International Standard Book Number | 9582401036 |
| 040 ## - FUENTE DE CATALOGACIÓN | |
| Agencia de catalogación original | spa |
| Lenguaje de catalogación | spa |
| Descripción convenciones | rda |
| 041 1# - CÓDIGO DE LENGUAJE | |
| Código de idioma de texto / pista de sonido o título separado | spa |
| Código de idioma del original | fre |
| 082 04 - NÚMERO DE CLASIFICACIÓN DECIMAL DEWEY | |
| Número de clasificación | 843.92 |
| Número de artículo | G676a |
| 100 1# - ENTRADA PRINCIPAL - NOMBRE PERSONAL | |
| Nombre de la persona | Goscinny, René, |
| Fechas asociadas a un nombre | 1926-1977. |
| Término del Relator | aut |
| 245 14 - TÍTULO DECLARACIÓN | |
| Título | Los amiguetes del pequeño Nicolás |
| Declaración de responsabilidad | René Goscinny ; traducción de Esther Benítez ; ilustraciones de Sempé |
| 264 01 - AVISO DE PRODUCCIÓN, PUBLICACIÓN, DISTRIBUCIÓN, FABRICACIÓN Y DERECHOS DE AUTOR | |
| Lugar de producción | Santa Fe de Bogotá |
| Nombre del productor | Ediciones Alfaguara |
| Fecha de producción | 1992 |
| 300 ## - DESCRIPCIÓN FÍSICA | |
| Alcance | 118 páginas |
| Otros datos físicos | ilustraciones |
| Dimensiones | 22 cm. |
| 336 ## - TIPO DE CONTENIDO | |
| Fuente | rdacontent |
| Tipo de contenido | txt |
| 337 ## - TIPO DE MEDIO | |
| Fuente | rdamedia |
| Término del tipo de medio | n |
| 338 ## - TIPO DE PORTADOR | |
| Fuente | rdacarrier |
| Término del tipo de operador | nc |
| 490 ## - DECLARACIÓN EN SERIE | |
| Estado de cuenta de la serie | Juvenil Alfaguara |
| Designación de volumen y secuencia | 173 |
| 490 ## - DECLARACIÓN EN SERIE | |
| Estado de cuenta de la serie | Infantil Alfaguara |
| 534 ## - NOTA DE VERSIÓN ORIGINAL | |
| Frase introductoria | Título original. |
| Declaración de título del original | Le petit Nicolas et les copains. |
| 650 ## - ENTRADA DE SUJETO AÑADIDO - TÉRMINO TÓPICO | |
| Término tópico o elemento de entrada del nombre geográfico | Cuentos infantiles franceses. |
| 700 1# - ENTRADA AGREGADA - NOMBRE PERSONAL | |
| Nombre de la persona | Benítez Eiroa, María Esther, |
| Fechas asociadas a un nombre | 1937-2001, |
| Término del Relator | trl |
| 700 1# - ENTRADA AGREGADA - NOMBRE PERSONAL | |
| Nombre de la persona | Sempé, Jean-Jacques, |
| Fechas asociadas a un nombre | 1932-, |
| Término del Relator | ill |
| 942 ## - ELEMENTOS DE ENTRADA AGREGADOS (KOHA) | |
| Fuente de clasificación o esquema de estanterías | Dewey Decimal Classification |
| Parte de clasificación | 843.92 G676a |
| Prefijo del número de llamada | 843.92 |
| Sufijo del número de llamada | G676a |
| Estado de retirada | Pérdida de estatus | Fuente de clasificación o esquema de estanterías | Estado dañado | No para préstamo | Código de recogida | Ubicación permanente | Ubicación actual | Ubicación de las estanterías | Fecha de adquisición | Total de Cajas | Total de renovaciones | Número Topográfico | Código de barras | Precio efectivo desde | Número de copia | Fecha de la última salida | Fecha de la última vez que se vio | Tipo de artículo Koha | Nota pública |
|---|---|---|---|---|---|---|---|---|---|---|---|---|---|---|---|---|---|---|---|
| Dewey Decimal Classification | General | Biblioteca Pública Departamental Comfamiliar Risaralda | Biblioteca Pública Departamental Comfamiliar Risaralda | Área General | 09/08/2017 | 1 | 1 | 843.92 G676a | 1001301 | 18/08/2021 | Ej. 1 | 09/10/2024 | 08/11/2024 | Libro | Cuentos Infantiles |